000 01016nam a22002537a 4500
008 240619b mp ||||| |||| 00| 0 mon d
020 _a978-9919-518-69-1
035 _a31538
040 _aUV1862160
_bmon
_cMN-UlNLM
_dMN-UlNLM
_erda
041 _amon
042 _a81590
082 _210-t
_a158.03
_bК.414
100 _aКинни Ж.
245 0 _aДүрсгүй жаалын өдрийн тэмдэглэл: Дүүрсэн хэрэг
264 _aУБ
_bМон судар ХГ
_c2016
300 _a217х.
336 _2rdacontent
_atext
_btxt
337 _2rdamedia
_aunmediated
_bn
338 _2rdacarrier
_avolume
_bnc
490 _aДүрсгүй жаалын өдрийн тэмдэглэл
_v11
650 _aГрег Хиффлигийн хувьд хүнд үе өнгөрч байлаа. Ээж н видео тоглоом хүний тархийг агшаадаг муу уршигтай эд гэж үзсэн тул хүүгээсээ ...
942 _210-t
_cBK
999 _c925816
_d925873